=LDR 00000nam 2200000 4500 =001 000855 =005 20250712091154 =035 ##$$a 0010-0725000730 =007 ta =008 250712################a##########0#ind## =020 ##$$a 978-623-472-667-1 =082 ##$$a 398.209 598 =084 ##$$a 398.209 598 BAN s =100 #$$a Bannerjee, Kanchan =245 1#$$a Siapakah itu? /$c Kanchan Bannerjee =250 ##$$a Cetakan pertama =260 ##$$a Jakarta :$b Badan pengembangan dan pembinaan bahasa,$c 2022 =300 ##$$a 20 hlm. : $b Ilua. ; $c 22,9 cm =650 #4$$a Cerita anak Indonesia-terjemahan =650 #4$$a Literasi-bahan bacaan